000 02116cam a22003614a 4500
001 muse82384
003 MdBmJHUP
005 20210127151518.0
006 m o d
007 cr||||||||nn|n
008 190215s2019 xx o 00 0 eng d
020 _a9789461662859
020 _z9462701784
020 _z9789462701786
035 _a(OCoLC)1131685370
040 _aMdBmJHUP
_cMdBmJHUP
100 1 _aROCK, LENE.
245 1 0 _aAs German as Kafka
_bIdentity and Singularity in German Literature around 1900 and 2000
264 1 _bLEUVEN UNIVERSITY PRESS,
264 3 _bProject MUSE,
300 _a1 online resource.
_a1 online resource.
506 0 _aOpen Access
_fUnrestricted online access
_2star
520 8 _aCountless literary endeavours by ?new Germans? have come into the spotlight of academic research since the turn of the 21st century. Yet ?minority writing? and its distinctive renegotiation of traditional concepts of cultural identity are far from a recent phenomenon in German literature. More than a hundred years ago, German-Jewish writers put a clear stamp on German modernism and were intensely engaged in various cultural and political discourses on Jewish identity. This book is the first to unfold literary parallels between these two riveting periods in German cultural history. Drawing on the philosophical oeuvre of Jean-Luc Nancy, a comparative reading of texts by, amongst others, Beer-Hofmann, Kermani, Ă–zdamar, Roth, Schnitzler, and Zaimoglu examines similar literary approaches to the thorny issue of cultural identity in either period, while developing an overarching perspective on the ?politics of literature?.
588 _aDescription based on print version record.
655 7 _aElectronic books.
_2local
710 2 _aProject Muse.
_edistributor
830 0 _aBook collections on Project MUSE.
856 4 0 _zFull text available:
_uhttps://muse.jhu.edu/book/73555/
999 _c26011
_d26011